书目信息 |
| 题名: |
数字信号处理
|
|
| 作者: | 英格尔 , Ingle , Proakis , 英格尔 著 | |
| 分册: | ||
| 出版信息: | 北京 科学出版社 2003.03 |
|
| 页数: | 418页 | |
| 开本: | 26cm | |
| 丛书名: | 国外高校电子信息类优秀教材 | |
| 单 册: | ||
| 中图分类: | TN911.72 | |
| 科图分类: | ||
| 主题词: | 数字信号--信号处理--计算机辅助计算--软件包, MATLAB--高等学校--教材--英文 , 数字信号 , 计算机辅助计算 , 信号处理 | |
| 电子资源: | ||
| ISBN: | 7-03-011143-5 | |
| 000 | 01156nam2 2200337 45 | |
| 005 | 20051207092630.69 | |
| 010 | @a7-03-011143-5@dCNY 35.00 | |
| 100 | @a20030429d2003 ekmy0chiy0121 ea | |
| 101 | 0 | @aeng |
| 102 | @aCN@b110000 | |
| 105 | @aa z 000yy | |
| 200 | 1 | @a数字信号处理@Ashu zi xin hao chu li@e应用MATLAB@dDigital signal processing using MATLAB@f(美)英格尔(Ingle,V.K.)等著@F(mei)ying ge er(Ingle,V.K.)deng zhu@zeng |
| 205 | @a影印版 | |
| 210 | @a北京@c科学出版社@d2003.03 | |
| 215 | @a418页@c图@d26cm | |
| 225 | 2 | @a国外高校电子信息类优秀教材@e英文影印版 |
| 410 | 0 | @12001 @a国外高校电子信息类优秀教材 |
| 510 | 1 | @aDigital signal processing using MATLAB@zeng |
| 606 | 0 | @a数字信号@x信号处理@x计算机辅助计算@x软件包, MATLAB@x高等学校@j教材@x英文 |
| 606 | 0 | @a数字信号 |
| 606 | 0 | @a计算机辅助计算 |
| 606 | 0 | @a信号处理 |
| 610 | 1 | @aMATLAB |
| 690 | @aTN911.72@v4 | |
| 701 | 1 | @a英格尔@Aying ge er@bVinay K.@4著 |
| 701 | A1 | @aIngle@bVinay K.@4著 |
| 701 | A1 | @aProakis@bJohn G.@4著 |
| 701 | 0 | @a英格尔@Aying ge er@bIngle,V.K.@4著 |
| 801 | 0 | @aCN@bQSSKy1@c20051207 |
| 905 | @dTN911.72@eY622 | |
| 906 | @dCNY35.00@n3@r1 | |
| 数字信号处理:应用MATLAB=Digital signal processing using MATLAB/(美)英格尔(Ingle,V.K.)等著.-影印版.-北京:科学出版社,2003.03 |
| 418页:图;26cm.-(国外高校电子信息类优秀教材:英文影印版) |
| ISBN 7-03-011143-5:CNY 35.00 |
| ● |
| 相关链接 |
|
|
|
正题名:数字信号处理
索取号:TN911.72/Y622
 
预约/预借
| 序号 | 登录号 | 条形码 | 馆藏地/架位号 | 状态 | 备注 |
| 1 | 373460 | 203734600 | 自科库301/301自科库 36排1列3层/ [索取号:TN911.72/Y622] | 在馆 | |
| 2 | 373461 | 203734619 | 自科二线404/301自科库 24排1列3层/ [索取号:TN911.72/Y622] | 在馆 | |
| 3 | 373462 | 203734628 | 自科库301/301自科库 31排3列3层/ [索取号:TN911.72/Y622] | 在馆 | |
| 4 | 437643 | 204376433 | 自科库301/301自科库 36排1列3层/ [索取号:TN911.72/Y622] | 在馆 | |
| 5 | 545458 | 205454587 | 自科二线400A/400A自科库 3排1列1层/ [索取号:TN911.72/Y622] | 在馆 | |
| 6 | 545459 | 205454596 | 自科二线400A/400A自科库 3排1列4层/ [索取号:TN911.72/Y622] | 在馆 | |
| 7 | 545460 | 205454603 | 自科二线400A/400A自科库 3排1列1层/ [索取号:TN911.72/Y622] | 在馆 |